<?xml version="1.0" encoding="UTF-8"?><?xml-stylesheet type="text/xsl" href="static/style.xsl"?><OAI-PMH xmlns="http://www.openarchives.org/OAI/2.0/" xmlns:xsi="http://www.w3.org/2001/XMLSchema-instance" xsi:schemaLocation="http://www.openarchives.org/OAI/2.0/ http://www.openarchives.org/OAI/2.0/OAI-PMH.xsd"><responseDate>2026-06-01T08:49:23Z</responseDate><request verb="GetRecord" identifier="oai:riuma.uma.es:10630/27175" metadataPrefix="marc">https://riuma.uma.es/rest/oai/request</request><GetRecord><record><header><identifier>oai:riuma.uma.es:10630/27175</identifier><datestamp>2026-02-03T11:57:47Z</datestamp><setSpec>com_10630_2254</setSpec><setSpec>col_10630_37959</setSpec></header><metadata><record xmlns="http://www.loc.gov/MARC21/slim" xmlns:dcterms="http://purl.org/dc/terms/" xmlns:doc="http://www.lyncode.com/xoai" xmlns:xsi="http://www.w3.org/2001/XMLSchema-instance" xsi:schemaLocation="http://www.loc.gov/MARC21/slim http://www.loc.gov/standards/marcxml/schema/MARC21slim.xsd">
   <leader>00925njm 22002777a 4500</leader>
   <datafield ind2=" " ind1=" " tag="042">
      <subfield code="a">dc</subfield>
   </datafield>
   <datafield ind2=" " ind1=" " tag="720">
      <subfield code="a">Cabello-González, Rosario</subfield>
      <subfield code="e">author</subfield>
   </datafield>
   <datafield ind2=" " ind1=" " tag="720">
      <subfield code="a">Costa, Ana</subfield>
      <subfield code="e">author</subfield>
   </datafield>
   <datafield ind2=" " ind1=" " tag="720">
      <subfield code="a">Faria, Luisa</subfield>
      <subfield code="e">author</subfield>
   </datafield>
   <datafield ind2=" " ind1=" " tag="720">
      <subfield code="a">Gómez-Leal, Raquel</subfield>
      <subfield code="e">author</subfield>
   </datafield>
   <datafield ind2=" " ind1=" " tag="260">
      <subfield code="c">2023</subfield>
   </datafield>
   <datafield ind2=" " ind1=" " tag="520">
      <subfield code="a">Introducción: La literatura previa ha demostrado que los individuos que creen que las habilidades emocionales se pueden desarrollar, es decir, que presentan una mentalidad de crecimiento vs una mentalidad fija, tienen mejores resultados académico y profesionales, además, también presentan un mayor bienestar emocional. Sin embargo, el estudio de la relación entre teorías implícitas (TIs) y habilidades emocionales, como es la inteligencia emocional (IE), aún es escasa. Por otro lado, siempre que se ha estudiado esta relación se ha realizado con medidas auto-informadas. Por estas razones, el objetivo de esta investigación fue evaluar la relación entre las TIs y la IE en adolescentes usando pruebas de ejecución y de autoinforme. Método: Para llevar a cabo este estudio un total de novecientos treinta y seis adolescentes (M = 14.11 años; 48.6% chicos) completaron medidas de teorías implícitas sobre emociones, y de IE como ejecución (TIEFBA) y auto-informada (TMMS). Resultados: Los resultados mostraron que los participantes con mentalidad de crecimiento presentaban mayores niveles de IE, en ambas medidas. Discusión: Estos hallazgos tienen una importante repercusión en el diseño de programas educativos emocionales.</subfield>
   </datafield>
   <datafield ind1="8" ind2=" " tag="024">
      <subfield code="a">https://hdl.handle.net/10630/27175</subfield>
   </datafield>
   <datafield tag="653" ind2=" " ind1=" ">
      <subfield code="a">Adolescentes  - Psicología</subfield>
   </datafield>
   <datafield ind2="0" ind1="0" tag="245">
      <subfield code="a">¿Los adolescentes con mentalidad de crecimiento tienen una mayor inteligencia emocional?</subfield>
   </datafield>
</record>
</metadata></record></GetRecord></OAI-PMH>